|
|
|
|
| LEADER |
02286nam a22004335i 4500 |
| 001 |
978-3-540-30791-4 |
| 003 |
DE-He213 |
| 005 |
20150521134359.0 |
| 007 |
cr nn 008mamaa |
| 008 |
100301s2005 gw | s |||| 0|eng d |
| 020 |
|
|
|a 9783540307914
|9 978-3-540-30791-4
|
| 024 |
7 |
|
|a 10.1007/3-540-30791-5
|2 doi
|
| 040 |
|
|
|d GrThAP
|
| 050 |
|
4 |
|a QR180-189.5
|
| 072 |
|
7 |
|a MJCM
|2 bicssc
|
| 072 |
|
7 |
|a MED044000
|2 bisacsh
|
| 082 |
0 |
4 |
|a 616.079
|2 23
|
| 245 |
1 |
0 |
|a Molecular Mimicry: Infection-Inducing Autoimmune Disease
|h [electronic resource] /
|c edited by Michael B.A. Oldstone.
|
| 264 |
|
1 |
|a Berlin, Heidelberg :
|b Springer Berlin Heidelberg,
|c 2005.
|
| 300 |
|
|
|a VII, 168 p.
|b online resource.
|
| 336 |
|
|
|a text
|b txt
|2 rdacontent
|
| 337 |
|
|
|a computer
|b c
|2 rdamedia
|
| 338 |
|
|
|a online resource
|b cr
|2 rdacarrier
|
| 347 |
|
|
|a text file
|b PDF
|2 rda
|
| 490 |
1 |
|
|a Current Topics in Microbiology and Immunology,
|x 0070-217X ;
|v 296
|
| 505 |
0 |
|
|a Molecular Mimicry, Microbial Infection, and Autoimmune Disease: Evolution of the Concept -- The Structural Interactions Between T Cell Receptors and MHC-Peptide Complexes Place Physical Limits on Self-Nonself Discrimination -- A Virus-Induced Molecular Mimicry Model of Multiple Sclerosis -- Suppression of Autoimmunity via Microbial Mimics of Altered Peptide Ligands -- Molecular and Cellular Mechanisms, Pathogenesis, and Treatment of Insulin-Dependent Diabetes Obtained Through Study of a Transgenic Model of Molecular Mimicry -- Trypanosoma cruzi-Induced Molecular Mimicry and Chagas’ Disease -- HTLV-1 Induced Molecular Mimicry in Neurological Disease -- Molecular Mimicry: Anti-DNA Antibodies Bind Microbial and Nonnucleic Acid Self-Antigens -- Chlamydia and Antigenic Mimicry.
|
| 520 |
|
|
|a (Text will follow).
|
| 650 |
|
0 |
|a Medicine.
|
| 650 |
|
0 |
|a Immunology.
|
| 650 |
1 |
4 |
|a Biomedicine.
|
| 650 |
2 |
4 |
|a Immunology.
|
| 700 |
1 |
|
|a Oldstone, Michael B.A.
|e editor.
|
| 710 |
2 |
|
|a SpringerLink (Online service)
|
| 773 |
0 |
|
|t Springer eBooks
|
| 776 |
0 |
8 |
|i Printed edition:
|z 9783540255970
|
| 830 |
|
0 |
|a Current Topics in Microbiology and Immunology,
|x 0070-217X ;
|v 296
|
| 856 |
4 |
0 |
|u http://dx.doi.org/10.1007/3-540-30791-5
|z Full Text via HEAL-Link
|
| 912 |
|
|
|a ZDB-2-SBL
|
| 950 |
|
|
|a Biomedical and Life Sciences (Springer-11642)
|